书目信息 |
| 题名: |
含断面的半群
|
|
| 作者: | 罗敏霞 著 | |
| 分册: | ||
| 出版信息: | 北京 中国科学技术出版社 2004.06 |
|
| 页数: | 164页 | |
| 开本: | 23cm | |
| 丛书名: | ||
| 单 册: | ||
| 中图分类: | O152.7 | |
| 科图分类: | ||
| 主题词: | 半群--ban qun--研究 | |
| 电子资源: | ||
| ISBN: | 7-5046-3822-6 | |
| 000 | 00788nam0 2200241 450 | |
| 001 | 012007750314 | |
| 005 | 20070929104811.00 | |
| 010 | @a7-5046-3822-6@dCNY25.00 | |
| 100 | @a20070725d2004 km y0chiy0120 ea | |
| 101 | 0 | @achi |
| 102 | @aCN@b110000 | |
| 105 | @ay z 000yy | |
| 200 | 1 | @a含断面的半群@Ahan duan mian di ban qun@f罗敏霞著@Fluo min xia zhu |
| 210 | @a北京@c中国科学技术出版社@d2004.06 | |
| 215 | @a164页@d23cm | |
| 312 | @a英文并列题名取自封面。 | |
| 330 | @a本书首先介绍了半群代数理论研究的预备知识,定义了一种新的等价关系0-格林关系,并利用其对含逆断面的半群进行讨论等。 | |
| 510 | 1 | @aSemigroup with transversal@zeng |
| 606 | 0 | @a半群@Aban qun@x研究 |
| 690 | @aO152.7@v4 | |
| 701 | 0 | @a罗敏霞@Aluo min xia@4著 |
| 801 | 0 | @aCN@c20070929 |
| 905 | @dO152.7@eL957 | |
| 含断面的半群/罗敏霞著.-北京:中国科学技术出版社,2004.06 |
| 164页;23cm |
| ISBN 7-5046-3822-6:CNY25.00 |
| 本书首先介绍了半群代数理论研究的预备知识,定义了一种新的等价关系0-格林关系,并利用其对含逆断面的半群进行讨论等。 |
| ● |
| 相关链接 |
|
|
|
正题名:含断面的半群
索取号:O152.7/L957
 
预约/预借
| 序号 | 登录号 | 条形码 | 馆藏地/架位号 | 状态 | 备注 |
| 1 | 249189 | 202491892 | 自科库401/401自科库 42排1列3层/ [索取号:O152.7/L957] | 在馆 |